000 00520nam a2200169Ia 4500
005 20250508153315.0
008 008 250505s9999 xx 000 0 eng d
037 _aBooks to be hide in OPAC
040 _aFEDL
_beng
_cFEDL
041 _aeng
_2eng
084 _a379, MOR/O
_qFEDL
245 0 _aPublic school finance programs of the forty-eight states
260 _aWashington, USA
_bU.S. Government Printing Office
_c1950
300 _avii,109p.
942 _cHB
_h379, MOR/O
999 _c1341887
_d1341887